|
|
|
|
| LEADER |
00000nam a22000007a 4500 |
| 005 |
2015012905475.0 |
| 007 |
cr|||| |||| |
| 008 |
150129s2014 sp |||||s|||| 00||0 spa d |
| 020 |
|
|
|a 978-84-9085-133-3
|
| 035 |
|
|
|a 12562
|
| 040 |
|
|
|a vLex
|
| 090 |
|
|
|c 5322
|d 5322
|
| 100 |
1 |
|
|a Caldern̤ Corredor, Zulema
|
| 245 |
1 |
0 |
|a Cuadernos de fiscalidad para la gestin̤ de RRHH
|h [Recurso electrn̤ico] :
|b Apuntes y casos prc̀ticos resueltos /
|c Zulema Caldern̤ Corredor
|
| 256 |
|
|
|a Servicio en ln̕ea
|
| 260 |
|
|
|a Madrid :
|b Dykinson,
|c 2014
|
| 300 |
|
|
|a 1 recurso electrn̤ico
|
| 506 |
1 |
|
|a Contenido disponible en los productos indicados
|d vLex Global
|d vLex Global (Academic Edition, excluding Law Schools)
|d vLex Global (U.S. Academic Edition, Law Schools)
|d vLex Global (U.S. Academic Edition, excluding Law Schools)
|d vLex Global (Academic Edition, Law Schools)
|
| 650 |
0 |
4 |
|a Impuestos
|z Espaą
|
| 650 |
0 |
4 |
|a Recursos humanos
|z Espaą
|
| 740 |
0 |
|
|a vLex Libros (Servicio en ln̕ea)
|
| 856 |
4 |
0 |
|u http://vlex.com/source/cuadernos-fiscalidad-gestion-rrhh-12562
|z Acceso restringido
|
| 942 |
|
|
|c BOOK
|
| 999 |
0 |
|
|a Taxation
|
| 999 |
0 |
|
|a Human capital
|